00586nam a22002057a 450000500170000001000140001702000230003102000260005403500130008003700130009308200080010610000240011424500530013826000370019127000490022830000250027750000390030294200220034199900170036320100727101556.0 aENG-96972 a8188569119c195.00 a9788188569113c195.00 aEN-80505 bDBAD/PUB a921 aKamath,M. V.922639 aGandhi :bA Spiritual Journey /cby M. V. Kamath aMumbaibIndus Source Booksc2007 aPO Box 6194 ,Malabar Hill PObMumbaie400006 axi,199p.c22cm (pbk) aincludes bibliographical refrences 2ddccENh921mKAM c37823d37823